000 01033cam a2200301Ia 4500
001 26627847
003 OCoLC
005 20240305100312.0
008 920918s1990 sp j 000 0 spa d
020 _a9788427931091
020 _a8427931093
040 _aDPL
_cDPL
_dVHB
_dOCL
041 1 _aspa
_heng
100 1 _aNorth, Sterling,
_d1906-1974.
240 1 0 _aRascal.
_lSpanish.
245 1 0 _aRascal :
_bmi tremendo mapache /
_cSterling North ; [traducci©đn, Nieves Mor©đn ; ilustraciones, John Schoenherr].
260 _aBarcelona :
_bEditorial Noguer,
_c1963.
300 _a159 p. :
_bill. ;
_c20 cm.
500 _aTitulo original: Rascal.
600 1 0 _aNorth, Sterling,
_d1906-1974
_xChildhood and youth.
650 0 _aAuthors, American
_y20th century
_vBiography.
650 0 _aRascal (Raccoon)
650 0 _aRaccoon
_zWisconsin
_vBiography
_vJuvenile literature.
650 0 _aCountry life
_zWisconsin
_vJuvenile literature.
650 1 _aSpanish language materials.
700 1 _aSchoenherr, John.
942 _cBK
_2ddc
999 _c29344
_d29342